000 01036 am a2200349 a 4500
005 20120418123649.0
008 100514s1982||||sp a f |||| 00| 0 spa d
020 _a843452130X
041 _aspa
092 _c616.5
_l53
_sMOR
100 1 _aMoragas, J. M. de.
_9181
245 _aAtlas práctico para el médico general : Dermatología /
_cJ. M. de Moragas.
250 _a1a ed.
260 _aBarcelona :
_bSalvat,
_c1982.
300 _a270 p.
_bil.
590 _aDonación Dr. Mancuso 2007
653 _aLesiones elementales cutáneas
653 _aMáculas
653 _aPápulas
653 _aNódulos
653 _aVesiculoampollas
653 _aPústulas
653 _aUlceras
653 _aFístula
653 _aPúrpura
653 _aEsclerosis cutáneas
653 _aEnfermedades descamativas
653 _aEnfermedades del pelo y cuero cabelludo
930 _a1763
942 _2ddc
_cBK
952 _aBFM
_bBFM
_70
_p1763
_cCR
_40
_00
_yBK
_10
_o616.5 53 MOR
_d2011-05-13
_tej.1
999 _c312
_d312